Une image -> une année (2) - Statistiques

Statistiques générales
  • Ce quiz a été pris 56 fois
  • Le résultat moyen est 19 sur 24
Statistiques - réponses
Par images Hint Réponse % Correct
Débarquement 1944
94%
Conférence 1945
94%
Verdun 1916
92%
Fin 1918
92%
Prise de pouvoir 1933
92%
Chute 1989
92%
Appel 1940
90%
Crise 1962
90%
Krach 1929
88%
Front populaire 1936
88%
Début 1914
86%
Apollo 11 1969
86%
Début 1939
80%
Assassinat 1963
80%
Port américain 1941
78%
Election 1981
78%
Mort 1953
76%
Ve République 1958
76%
Traité 1919
73%
1er choc 1973
71%
Printemps 1968
63%
Création 1949
61%
Création 1957
55%
Création 1955
47%
Aucun quiz correspondant
Distribution des résultats
% des personnes avec chaque résultat
Percentile par nombre de réponses
Votre historique - résultats
Vous n’avez pas pris ce quiz